Państwa z najbardziej jadowitymi zwierzętami - Statystyki

Ogólne statystyki
  • Ten quiz został rozwiązany 4 364 razy
    4 363 od ostatniego zresetowania
  • Średni wynik to 12 z 18
Statystyki odpowiedzi
# Państwo % Poprawnych
66 Australia
94%
75 Brazylia
94%
36 Stany Zjednoczone
88%
80 Meksyk
83%
60 Indie
82%
59 Indonezja
75%
53 Kolumbia
75%
37 Republika Południowej Afryki
71%
47 Peru
70%
49 Tajlandia
68%
36 Wenezuela
68%
50 Wietnam
64%
47 Ekwador
58%
38 Malezja
57%
34 Papua-Nowa Gwinea
49%
48 Mjanma
46%
34 Kenia
44%
38 Iran
36%
Nie znaleziono quizów pasujących do podanych kryteriów
Rozkład punktacji
Procent ludzi z każdym wynikiem
Percentyl według liczby udzielonych odpowiedzi
Twoja historia wyników
Nie rozwiązałeś tego quizu od ostatniego zresetowania